00522nam a2200181Ia 450000500170000000800410001702000150005808200130007310000200008624500450010626000390015130000120019065000110020265000110021394200060022495200950023099900150032520250529031001.0240331s9999 xx 000 0 und d a9555533830 bMANa305 aManurathne, M.G 0aSthree purusha samajabhavaya saha pawula aVarakapolabAryan Publishersc2004 a274 p., aGender aFamily cL 001040708LaWERCLbWERCLcSSCd2024-03-31l0o 305 MANp5461r2024-03-31w2024-03-31yL c1524d1524